00656nam a2200229 a 4500001001300000003000900013005001700022008004100039020001000080082001600090100001500106245003300121260004700154300000900201500003500210505001000245650002400255902000800279942000700287952011700294999001500411nice12345678IN_TiNIC20260116012352.0050524s1980 sina grp 000 0 eng  ac10000a268.6bEVA1 aEvabs, Rob aChurch and Education in Asia aSingapurbChristian Conference Indiac1980 a119p aincludes index and biblioraphy2 aIndex aChristian-Education bSRS cBK 001040708StackRoom-aHMIbHMId2007-07-13g100.00l0o268.6 EVA1p012675r2007-07-13v100.00w2005-05-24yBK c6730d6730